Nové obzory ... vlastivedná ročenka Prešovského kraja
| Other Authors: | , , |
|---|---|
| Format: | Serial |
| Language: | Slovak |
| PhysicalDescription: | zv. obraz. príl. 24-30 cm |
| Published: |
Bratislava
Osveta
1959-
Košice Krajské nakladateľstvo všeobecnej literatúry Prešov Košice Východoslovenské vydavateľstvo Krajské múzeum v Prešove |
| ISBN: | 9788089952007 (viaz. : 33/2017) 9788089952052 (viaz. : 34/2018) 8085174308 (viaz. : 31/1990) 8085174723 (viaz. : 32/1991) 9788089952083 (viaz. : 35/2019) |
| ISSN: | 0546-8051 |
| Subjects: |
MARC
| LEADER | 00000cas a2200000 a 4500 | ||
|---|---|---|---|
| 001 | vtls009526442 | ||
| 003 | SK-MaSNL | ||
| 005 | 20260425194029.0 | ||
| 008 | 090616c19599999xo ar| o 0 b0slo | ||
| 015 | |a SNBB2019-(33/2017, 34/2018) |a SNBB2020-(35/2019) | ||
| 020 | |a 9788089952007 (viaz. : 33/2017) | ||
| 020 | |a 9788089952052 (viaz. : 34/2018) | ||
| 020 | |a 8085174308 (viaz. : 31/1990) | ||
| 020 | |a 8085174723 (viaz. : 32/1991) | ||
| 020 | |a 9788089952083 (viaz. : 35/2019) | ||
| 022 | |a 0546-8051 | ||
| 040 | |a SNMK |b slo |c SNMK |d SVKBB |d SNK |e AACR2 | ||
| 041 | 0 | |a slo |b eng |b rus |b ger | |
| 043 | |a e-xo--- | ||
| 044 | |a xo |c SK | ||
| 072 | 7 | |a 908 |x Štúdium oblastí a lokalít všeobecne |2 konspekt | |
| 072 | 7 | |a 9 |x Geografia. Biografické štúdie. Dejiny |2 konspekt | |
| 080 | |a 050 |2 2001 | ||
| 080 | |a 908 |2 2011 | ||
| 080 | |a (437.67) |2 2011 | ||
| 080 | |a (058) |2 2011 | ||
| 080 | |a (082) |2 2011 | ||
| 080 | |a (437.671) |2 2011 | ||
| 210 | 0 | |a Nové obz. | |
| 222 | 0 | |a Nové obzory | |
| 245 | 0 | 0 | |a Nové obzory ... |b vlastivedná ročenka Prešovského kraja |
| 246 | 1 | 3 | |a Prešov v priestore a čase |f 33/2017 |
| 246 | 1 | 3 | |a Východné Slovensko v rokoch štátoprávnych a politických zmien (1918 - 1968 - 1993) |f 34/2018 |
| 246 | 1 | 3 | |a Šľachtické rody na východnom Slovensku v období stredoveku a novoveku |f 35/2019 |
| 260 | |a Bratislava |b Osveta |c 1959- | ||
| 260 | 2 | |3 1961-1963 |a Košice |b Krajské nakladateľstvo všeobecnej literatúry | |
| 260 | 2 | |3 1964-1991 |a Košice |b Východoslovenské vydavateľstvo | |
| 260 | 3 | |3 2017- |c Prešov |b Krajské múzeum v Prešove | |
| 300 | |a zv. |b obraz. príl. |c 24-30 cm | ||
| 310 | |a 1x ročne | ||
| 362 | 0 | |a 1 (1959)-32 (1991) ; 33 (2017)- | |
| 500 | |a Vydané pre Vlastivedné múzeum v Prešove, od r. 1961 pre Múzeum Sloveskej republiky rád v Prešove | ||
| 500 | |a Podnázov: r. 1960, vlastivedná ročenka východného Slovenska ; 1961, vlastivedná ročenka Východoslovenského kraja ; od r. 1962-1967, spoločenskovedný sborník východného Slovenska ; 1968-1975, 1977-1991, spoločenskovedný zborník východného Slovenska ; 1976, spoločenský zborník východného Slovenska | ||
| 500 | |a Zostavil: 1960-1967, Imrich Sedlák ; 1976-1991, Imrich Michnovič ; 33 (2017)-35 (2019), Jozef Kušnír | ||
| 500 | |a Súčasťou názvu je poradové číslo zborníka | ||
| 500 | |a Zodp. red.: 1968-1972, Štefan Pažur ; 1973-1975, Jozef Palášthy | ||
| 504 | |a Bibliografické odkazy ; poznámky | ||
| 515 | |a Obnovené vydávanie v roku 2017 | ||
| 546 | |a Resumé anglické, ruské, nemecké | ||
| 650 | 0 | 7 | |a vlastiveda |2 SNKPH |9 3887 |
| 650 | 0 | 7 | |a History and geography |2 SNKPHeng |9 265657 |
| 651 | 7 | |a Slovensko východné |2 SNKPHgeo |9 161134 | |
| 651 | 7 | |a Slovakia, eastern |2 SNKPHeng |9 184385 | |
| 651 | 7 | |a Prešovský kraj (Slovensko) |2 SNKPHgeo |9 161504 | |
| 651 | 7 | |a Prešov Region (Slovakia) |2 SNKPHeng |9 266393 | |
| 655 | 7 | |a ročenky |2 SNKPH |9 57146 | |
| 655 | 7 | |a Yearbooks |2 SNKPHeng |9 120938 | |
| 655 | 7 | |a zborníky |2 SNKPH |9 70165 | |
| 655 | 7 | |a Papers of several authors |2 SNKPHeng |9 153738 | |
| 700 | 1 | |a Sedlák, Imrich, |d 1933-2016 |4 com |9 103252 | |
| 700 | 1 | |a Kušnír, Jozef, |d 1988- |4 com |9 266394 | |
| 700 | 1 | |a Michnovič, Imrich, |d 1940- |4 com |9 196545 | |
| 700 | 1 | |a Pažur, Štefan, |d 1933-2003 |4 lso |9 115400 | |
| 700 | 1 | |a Palášthy, Jozef, |d 1929-2014 |4 lso |9 132815 | |
| 910 | |a snmk | ||
| 910 | |a snk | ||
| 916 | |a 1959-1991, 2017-2019 | ||
| 919 | |a 978-80-89952-00-7 | ||
| 919 | |a 978-80-89952-05-2 | ||
| 919 | |a 80-85174-30-8 | ||
| 919 | |a 80-85174-72-3 | ||
| 919 | |a 978-80-89952-08-3 | ||
| 999 | |c 2138 |d 4068 | ||
| 952 | |a SNK |b SNK |y PREZ |7 0 |p 17A0233799 |o snkČSC 952/31/1990 |i snkKSP 9477/90 |f 1 |0 0 |1 0 |4 0 |d 2000-04-11 |l 0 |r 2004-12-31 00:00:00 |w 2026-02-21 | ||
| 952 | |a SNK |b SNK |y PREZ |7 0 |p 17A0297860 |o snkČSC 952/31/1990 D1 |i snkKSP 9478/90 |0 0 |1 0 |4 0 |d 2001-04-25 |l 0 |r 2004-12-31 00:00:00 |w 2026-02-21 | ||
| 952 | |a SNK |b SNK |y PREZ |7 0 |p 17A0053161 |o snkČSC 952/32/1991 D1 |0 0 |1 0 |4 0 |d 1997-03-11 |l 0 |r 2004-12-31 00:00:00 |w 2026-02-21 | ||
| 952 | |a SNK |b SNK |y PREZ |7 0 |p 17A0056000 |o snkČSC 952/32/1991 |i snkKSP 7102/91 |f 1 |0 0 |1 0 |4 0 |d 1997-03-12 |l 0 |r 2004-12-31 00:00:00 |w 2026-02-21 | ||
| 952 | |a SNK |b SNK |y PREZ |7 0 |p 17A0065463 |o snkČSC 952/16/1974 D1 |0 0 |1 0 |4 0 |d 1997-05-06 |l 0 |r 2005-01-02 00:00:00 |w 2026-02-21 | ||
| 952 | |a SNK |b SNK |y PREZ |7 0 |p 17A0082732 |o snkČSC 952/16/1974 |i snkKSP 6796/74 |f 1 |0 0 |1 0 |4 0 |d 1997-08-19 |l 0 |r 2005-01-02 00:00:00 |w 2026-02-21 | ||
| 952 | |a SNK |b SNK |y PREZ |7 0 |p 17A0692022 |o snkČSC 952/26/1984 D1 |i snkKSP 28/85 |0 0 |1 0 |4 0 |d 2011-05-09 |l 0 |r 2026-02-21 19:57:15 |w 2026-02-21 | ||
| 952 | |a SNK |b SNK |y PREZ |7 0 |p 17A0031001 |o snkČSC 952/8/1966 D1 |0 0 |1 0 |4 0 |d 1997-01-16 |l 0 |r 2005-01-01 00:00:00 |w 2026-02-21 | ||
| 952 | |a SNK |b SNK |y PREZ |7 0 |p 17A0193383 |o snkČSC 952/4/1962 |i snkKSP 521/63 |f 1 |0 0 |1 0 |4 0 |d 1999-05-14 |l 0 |r 2005-01-01 00:00:00 |w 2026-02-21 | ||
| 952 | |a SNK |b SNK |y PREZ |7 0 |p 17A0039956 |o snkČSC 952/15/1973 D1 |0 0 |1 0 |4 0 |d 2001-01-31 |l 0 |r 2005-01-02 00:00:00 |w 2026-02-21 | ||
| 952 | |a SNK |b SNK |y PREZ |7 0 |p 17A0178972 |o snkČSC 952/1/1959 |i snkKSP 6949/61 |f 1 |0 0 |1 0 |4 0 |d 1999-01-29 |l 0 |r 2005-01-02 00:00:00 |w 2026-02-21 | ||
| 952 | |a SNK |b SNK |y PREZ |7 0 |p 17A0039918 |o snkČSC 952/21/1979 D1 |0 0 |1 0 |4 0 |d 2001-01-31 |l 0 |r 2005-01-02 00:00:00 |w 2026-02-21 | ||
| 952 | |a SNK |b SNK |y PREZ |7 0 |p 17A0039953 |o snkČSC 952/20/1978 D1 |0 0 |1 0 |4 0 |d 2001-01-31 |l 0 |r 2004-12-31 00:00:00 |w 2026-02-21 | ||
| 952 | |a SNK |b SNK |y PREZ |7 0 |p 17A0065010 |o snkČSC 952/29/1987 D1 |0 0 |1 0 |4 0 |d 1997-05-15 |l 0 |r 2004-12-31 00:00:00 |w 2026-02-21 | ||
| 952 | |a SNK |b SNK |y PREZ |7 0 |p 17A0106436 |o snkČSC 952/13/1971 |i snkKSP 611/72 |f 1 |0 0 |1 0 |4 0 |d 1997-10-31 |l 0 |r 2005-01-02 00:00:00 |w 2026-02-21 | ||
| 952 | |a SNK |b SNK |y PREZ |7 0 |p 17A0235042 |o snkČSC 952/30/1988 |i snkKSP 1162/89 |f 1 |0 0 |1 0 |4 0 |d 2000-04-11 |l 0 |r 2004-12-31 00:00:00 |w 2026-02-21 | ||
| 952 | |a SNK |b SNK |y PREZ |7 0 |p 17A0297862 |o snkČSC 952/30/1988 D1 |0 0 |1 0 |4 0 |d 2001-04-25 |l 0 |r 2004-12-31 00:00:00 |w 2026-02-21 | ||
| 952 | |a SNK |b SNK |y PREZ |7 0 |p 17A0233519 |o snkČSC 952/29/1987 |i snkKSP 274/89 |f 1 |0 0 |1 0 |4 0 |d 2000-04-11 |l 0 |r 2004-12-31 00:00:00 |w 2026-02-21 | ||
| 952 | |a SNK |b SNK |y PREZ |7 0 |p 17A0078646 |o snkČSC 952/7/1965 |i snkKSP 896/66 |f 1 |0 0 |1 0 |4 0 |d 1997-07-10 |l 0 |r 2005-01-02 00:00:00 |w 2026-02-21 | ||
| 952 | |a SNK |b SNK |y PREZ |7 0 |p 17A0093538 |o snkČSC 952/5/1963 |i snkKSP 710/64 |f 1 |0 0 |1 0 |4 0 |d 1997-09-23 |l 0 |r 2005-01-02 00:00:00 |w 2026-02-21 | ||
| 952 | |a SNK |b SNK |y PREZ |7 0 |p 17A0109563 |o snkČSC 952/28/1986 D1 |0 0 |1 0 |4 0 |d 1997-11-21 |l 0 |r 2004-12-31 00:00:00 |w 2026-02-21 | ||
| 952 | |a SNK |b SNK |y PREZ |7 0 |p 17A0233530 |o snkČSC 952/28/1986 |i snkKSP 8945/86 |f 1 |0 0 |1 0 |4 0 |d 2000-04-11 |l 0 |r 2004-12-31 00:00:00 |w 2026-02-21 | ||
| 952 | |a SNK |b SNK |y PREZ |7 0 |p 17A0065464 |o snkČSC 952/27/1985 D1 |0 0 |1 0 |4 0 |d 1997-05-09 |l 0 |r 2004-12-31 00:00:00 |w 2026-02-21 | ||
| 952 | |a SNK |b SNK |y PREZ |7 0 |p 17A0039913 |o snkČSC 952/27/1985 |i snkKSP 10945/85 |f 1 |0 0 |1 0 |4 0 |d 2001-01-31 |l 0 |r 2004-12-31 00:00:00 |w 2026-02-21 | ||
| 952 | |a SNK |b SNK |y PREZ |7 0 |p 17A0039871 |o snkČSC 952/24/1982 |i snkKSP 2777/83 |f 1 |0 0 |1 0 |4 0 |d 2001-01-31 |l 0 |r 2004-12-31 00:00:00 |w 2026-02-21 | ||
| 952 | |a SNK |b SNK |y PREZ |7 0 |p 17A0368692 |o snkČSC 952/24/1982 D1 |0 0 |1 0 |4 0 |d 2002-12-30 |l 0 |r 2004-12-31 00:00:00 |w 2026-02-21 | ||
| 952 | |a SNK |b SNK |y PREZ |7 0 |p 17A0039901 |o snkČSC 952/26/1984 |i snkKSP 27/85 |f 1 |0 0 |1 0 |4 0 |d 2001-01-31 |l 0 |r 2004-12-31 00:00:00 |w 2026-02-21 | ||
| 952 | |a SNK |b SNK |y PREZ |7 0 |p 17A0099435 |o snkČSC 952/23/1981 D1 |0 0 |1 0 |4 0 |d 1997-09-30 |l 0 |r 2004-12-31 00:00:00 |w 2026-02-21 | ||
| 952 | |a SNK |b SNK |y PREZ |7 0 |p 17A0213226 |o snkČSC 952/23/1981 |i snkKSP 820/82 |f 1 |0 0 |1 0 |4 0 |d 1999-10-18 |l 0 |r 2004-12-31 00:00:00 |w 2026-02-21 | ||
| 952 | |a SNK |b SNK |y PREZ |7 0 |p 17A0060944 |o snkČSC 952/18/1976 |i snkKSP 446/77 |f 1 |0 0 |1 0 |4 0 |d 1997-04-15 |l 0 |r 2004-12-31 00:00:00 |w 2026-02-21 | ||
| 952 | |a SNK |b SNK |y PREZ |7 0 |p 17A0039979 |o snkČSC 952/18/1976 D1 |0 0 |1 0 |4 0 |d 2001-01-31 |l 0 |r 2004-12-31 00:00:00 |w 2026-02-21 | ||
| 952 | |a SNK |b SNK |y PREZ |7 0 |p 17A0104589 |o snkČSC 952/22/1980 |i snkKSP 3061/81 |f 1 |0 0 |1 0 |4 0 |d 1997-10-24 |l 0 |r 2004-12-31 00:00:00 |w 2026-02-21 | ||
| 952 | |a SNK |b SNK |y PREZ |7 0 |p 17A0039965 |o snkČSC 952/13/1971 D1 |0 0 |1 0 |4 0 |d 2001-01-31 |l 0 |r 2005-01-02 00:00:00 |w 2026-02-21 | ||
| 952 | |a SNK |b SNK |y PREZ |7 0 |p 17A0106282 |o snkČSC 952/15/1973 |i snkKSP 1229/74 |f 1 |0 0 |1 0 |4 0 |d 1997-10-31 |l 0 |r 2005-01-02 00:00:00 |w 2026-02-21 | ||
| 952 | |a SNK |b SNK |y PREZ |7 0 |p 17A0105076 |o snkČSC 952/17/1975 |i snkKSP 7289/76 |z Vydané v r. 1976 |f 1 |0 0 |1 0 |4 0 |d 1997-10-29 |l 0 |r 2005-01-02 00:00:00 |w 2026-02-21 | ||
| 952 | |a SNK |b SNK |y PREZ |7 0 |p 17A0110593 |o snkČSC 952/17/1975 D1 |0 0 |1 0 |4 0 |d 1997-11-25 |l 0 |r 2005-01-02 00:00:00 |w 2026-02-21 | ||
| 952 | |a SNK |b SNK |y PREZ |7 0 |p 17A0109511 |o snkČSC 952/14/1972 |i snkKSP 1171/73 |f 1 |0 0 |1 0 |4 0 |d 1997-11-25 |l 0 |r 2005-01-02 00:00:00 |w 2026-02-21 | ||
| 952 | |a SNK |b SNK |y PREZ |7 0 |p 17A0039917 |o snkČSC 952/14/1972 D1 |0 0 |1 0 |4 0 |d 2001-01-31 |l 0 |r 2005-01-02 00:00:00 |w 2026-02-21 | ||
| 952 | |a SNK |b SNK |y PREZ |7 0 |p 17A0188774 |o snkČSC 952/19/1977 |i snkKSP 6911/77 |f 1 |0 0 |1 0 |4 0 |d 1999-04-09 |l 0 |r 2004-12-31 00:00:00 |w 2026-02-21 | ||
| 952 | |a SNK |b SNK |y PREZ |7 0 |p 17A0188808 |o snkČSC 952/19/1977 D1 |0 0 |1 0 |4 0 |d 1999-04-09 |l 0 |r 2004-12-31 00:00:00 |w 2026-02-21 | ||
| 952 | |a SNK |b SNK |y PREZ |7 0 |p 17A0311749 |o snkČSC 952/20/1978 |i snkKSP 681/79 |f 1 |0 0 |1 0 |4 0 |d 2001-08-23 |l 0 |r 2004-12-31 00:00:00 |w 2026-02-21 | ||
| 952 | |a SNK |b SNK |y PREZ |7 0 |p 17A0039946 |o snkČSC 952/25/1983 |i snkKSP 1160/84 |f 1 |0 0 |1 0 |4 0 |d 2001-01-31 |l 0 |r 2004-12-31 00:00:00 |w 2026-02-21 | ||
| 952 | |a SNK |b SNK |y PREZ |7 0 |p 17A0309890 |o snkČSC 952/25/1983 D1 |i snkKSP 1161/84 |0 0 |1 0 |4 0 |d 2001-07-23 |l 0 |r 2004-12-31 00:00:00 |w 2026-02-21 | ||
| 952 | |a SNK |b SNK |y PREZ |7 0 |p 17A0039947 |o snkČSC 952/22/1980 D1 |0 0 |1 0 |4 0 |d 2001-01-31 |l 0 |r 2005-01-02 00:00:00 |w 2026-02-21 | ||
| 952 | |a SNK |b SNK |y PREZ |7 0 |p 17A0039961 |o snkČSC 952/9/1967 D1 |0 0 |1 0 |4 0 |d 2001-01-31 |l 0 |r 2005-01-02 00:00:00 |w 2026-02-21 | ||
| 952 | |a SNK |b SNK |y PREZ |7 0 |p 17A0039949 |o snkČSC 952/11/1969 D1 |0 0 |1 0 |4 0 |d 2001-01-31 |l 0 |r 2005-01-02 00:00:00 |w 2026-02-21 | ||
| 952 | |a SNK |b SNK |y PREZ |7 0 |p 17A0142445 |o snkČSC 952/21/1979 |i snkKSP 1107/80 |f 1 |0 0 |1 0 |4 0 |d 1998-06-01 |l 0 |r 2005-01-02 00:00:00 |w 2026-02-21 | ||
| 952 | |a SNK |b SNK |y PREZ |7 0 |p 17A1024027 |o snkČSC 952/2/1960 D1 príl. |i snkKSP 2040/61 |z Príloha: mapy 2 ks. |3 Príloha: mapy 2 ks. |0 0 |1 0 |4 0 |d 2014-05-27 |l 0 |r 2026-02-21 21:14:20 |w 2026-02-21 | ||
| 952 | |a SNK |b SNK |y PREZ |7 0 |p 17A0178787 |o snkČSC 952/2/1960 |i snkKSP 2039/61 |f 1 |0 0 |1 0 |4 0 |d 1999-01-29 |l 0 |r 2005-01-02 00:00:00 |w 2026-02-21 | ||
| 952 | |a SNK |b SNK |y PREZ |7 0 |p 17A0039948 |o snkČSC 952/12/1970 D1 |0 0 |1 0 |4 0 |d 2001-01-31 |l 0 |r 2005-01-01 00:00:00 |w 2026-02-21 | ||
| 952 | |a SNK |b SNK |y PREZ |7 0 |p 17A0123622 |o snkČSC 952/8/1966 |i snkKSP 1053/67 |f 1 |0 0 |1 0 |4 0 |d 1998-02-11 |l 0 |r 2005-01-01 00:00:00 |w 2026-02-21 | ||
| 952 | |a SNK |b SNK |y PREZ |7 0 |p 17A0030955 |o snkČSC 952/7/1965 D1 |0 0 |1 0 |4 0 |d 1997-01-16 |l 0 |r 2005-01-01 00:00:00 |w 2026-02-21 | ||
| 952 | |a SNK |b SNK |y PREZ |7 0 |p 17A0140048 |o snkČSC 952/6/1964 |i snkKSP 895/65 |f 1 |0 0 |1 0 |4 0 |d 1998-05-14 |l 0 |r 2005-01-01 00:00:00 |w 2026-02-21 | ||
| 952 | |a SNK |b SNK |y PREZ |7 0 |p 17A0030980 |o snkČSC 952/2/1960 D1 |i snkKSP 2040/61 |0 0 |1 0 |4 0 |d 1997-01-16 |l 0 |r 2005-01-01 00:00:00 |w 2026-02-21 | ||
| 952 | |a SNK |b SNK |y PREZ |7 0 |p 17A0030996 |o snkČSC 952/3/1961 D1 |0 0 |1 0 |4 0 |d 1997-01-16 |l 0 |r 2005-01-01 00:00:00 |w 2026-02-21 | ||
| 952 | |a SNK |b SNK |y PREZ |7 0 |p 17A0030596 |o snkČSC 952/3/1961 |i snkKSP 712/62 |f 1 |0 0 |1 0 |4 0 |d 1997-01-17 |l 0 |r 2005-01-01 00:00:00 |w 2026-02-21 | ||
| 952 | |a SNK |b SNK |y PREZ |7 0 |p 17A0030920 |o snkČSC 952/4/1962 D1 |0 0 |1 0 |4 0 |d 1997-01-16 |l 0 |r 2005-01-01 00:00:00 |w 2026-02-21 | ||
| 952 | |a SNK |b SNK |y PREZ |7 0 |p 17A0031013 |o snkČSC 952/5/1963 D1 |0 0 |1 0 |4 0 |d 1997-01-16 |l 0 |r 2005-01-01 00:00:00 |w 2026-02-21 | ||
| 952 | |a SNK |b SNK |y PREZ |7 0 |p 17A0030965 |o snkČSC 952/1/1959 D1 |0 0 |1 0 |4 0 |d 1997-01-16 |l 0 |r 2005-01-01 00:00:00 |w 2026-02-21 | ||
| 952 | |a SNK |b SNK |y PREZ |7 0 |p 17A0030595 |o snkČSC 952/12/1970 |i snkKSP 5371/71 |f 1 |0 0 |1 0 |4 0 |d 1997-01-17 |l 0 |r 2005-01-01 00:00:00 |w 2026-02-21 | ||
| 952 | |a SNK |b SNK |y PREZ |7 0 |p 17A0207528 |o snkČSC 952/10/1968 |i snkKSP 270/69 |f 1 |0 0 |1 0 |4 0 |d 1999-08-30 |l 0 |r 2005-01-02 00:00:00 |w 2026-02-21 | ||
| 952 | |a SNK |b SNK |y PREZ |7 0 |p 17A0039967 |o snkČSC 952/10/1968 D1 |0 0 |1 0 |4 0 |d 2001-01-31 |l 0 |r 2005-01-02 00:00:00 |w 2026-02-21 | ||
| 952 | |a SNK |b SNK |y PREZ |7 0 |p 17A0330887 |o snkČSC 952/9/1967 |i snkKSP 563/68 |f 1 |0 0 |1 0 |4 0 |d 2002-02-05 |l 0 |r 2005-01-02 00:00:00 |w 2026-02-21 | ||
| 952 | |a SNK |b SNK |y PREZ |7 0 |p 17A0330856 |o snkČSC 952/11/1969 |i snkKSP 1695/70 |f 1 |0 0 |1 0 |4 0 |d 2002-02-05 |l 0 |r 2005-01-02 00:00:00 |w 2026-02-21 | ||
| 952 | |a SNK |b SNK |y PREZ |7 0 |p 17A0031006 |o snkČSC 952/6/1964 D1 |0 0 |1 0 |4 0 |d 1997-01-16 |l 0 |r 2005-01-01 00:00:00 |w 2026-02-21 | ||
| 952 | |a SNK |b SNK |y PREZ |7 0 |p 17A1343317 |o snkČSC 952/33/2017 |i snk2019/7641 |8 0 |z Prešov v priestore a čase |f 1 |0 0 |1 0 |4 0 |d 2019-03-20 |l 0 |r 2026-02-21 21:51:45 |w 2026-02-21 | ||
| 952 | |a SNK |b SNK |y PREZ |7 0 |p 17A1343318 |o snkČSC 952/33/2017 D1 |i snk2019/7642 |8 0 |0 0 |1 0 |4 0 |d 2019-03-20 |l 0 |r 2026-02-21 21:51:45 |w 2026-02-21 | ||
| 952 | |a SNK |b SNK |y PREZ |7 0 |p 17A1343319 |o snkČSC 952/34/2018 |i snk2019/7645 |8 0 |z Východné Slovensko v rokoch štátoprávnych a politických zmien (1918-1968-1993) |f 1 |0 0 |1 0 |4 0 |d 2019-03-20 |l 0 |r 2026-02-21 21:51:45 |w 2026-02-21 | ||
| 952 | |a SNK |b SNK |y PREZ |7 0 |p 17A1343320 |o snkČSC 952/34/2018 D1 |i snk2019/7648 |8 0 |0 0 |1 0 |4 0 |d 2019-03-20 |l 0 |r 2026-02-21 21:51:45 |w 2026-02-21 | ||
| 952 | |a SNK |b SNK |y PREZ |7 0 |p 17A1387770 |o snkČSC 952/35/2019 |i snk2020/8802 |8 0 |f 1 |0 0 |1 0 |4 0 |d 2020-05-28 |l 0 |r 2026-02-21 22:01:02 |w 2026-02-21 | ||
| 952 | |a SNK |b SNK |y PREZ |7 0 |p 17A1387771 |o snkČSC 952/35/2019 D1 |i snk2020/8805 |8 0 |0 0 |1 0 |4 0 |d 2020-05-28 |l 0 |r 2026-02-21 22:01:02 |w 2026-02-21 | ||
| 952 | |t 2 mapy |a SNK |b SNK |y PREZ |7 0 |p 17A1369126 |o snkČSC 952/2/1960/príl. |i snkKSP 2039/61 |z Komenského mapa Moravy, Postavenie Bratríkov a Jiskrovcov v r. 1435-1467 na Slovensku |f 1 |0 0 |1 0 |4 0 |d 2019-06-28 |l 0 |r 2026-02-21 22:14:13 |w 2026-02-21 | ||


